A treatise on gonioscopy ... (Record no. 38508)

MARC details
000 -LEADER
fixed length control field 00689cam a22002291 4500
001 - CONTROL NUMBER
control field med47002106
003 - CONTROL NUMBER IDENTIFIER
control field DLC
005 - DATE AND TIME OF LATEST TRANSACTION
control field 20260227111605.0
008 - FIXED-LENGTH DATA ELEMENTS--GENERAL INFORMATION
fixed length control field 811121s1947 xx a 000 0 eng
010 ## - LIBRARY OF CONGRESS CONTROL NUMBER
LC control number med47002106
035 ## - SYSTEM CONTROL NUMBER
System control number (OCoLC)14663437
040 ## - CATALOGING SOURCE
Original cataloging agency DLC
Transcribing agency DNLM
Modifying agency CLolC
-- DLC
042 ## - AUTHENTICATION CODE
Authentication code premarc
050 00 - LIBRARY OF CONGRESS CALL NUMBER
Classification number RE81
Item number .U7
060 0# - NATIONAL LIBRARY OF MEDICINE CALL NUMBER
Classification number WW 143
Item number U76t 1947
100 1# - MAIN ENTRY--PERSONAL NAME
Personal name Uribe y Troncoso, Manuel,
Dates associated with a name 1867-1959.
245 12 - TITLE STATEMENT
Title A treatise on gonioscopy ...
260 ## - PUBLICATION, DISTRIBUTION, ETC.
Place of publication, distribution, etc. Philadelphia,
Name of publisher, distributor, etc. Davis,
Date of publication, distribution, etc. 1947.
300 ## - PHYSICAL DESCRIPTION
Extent xi, 306 p.
Other physical details ill.
500 ## - GENERAL NOTE
General note "The development of the angle of the anterior chamber in the human eye," by Ida Mann: p. 63-75.
700 1# - ADDED ENTRY--PERSONAL NAME
Personal name Mann, Ida,
Dates associated with a name 1893-1983.

No items available.

Powered by Koha